<?xml version="1.0" encoding="UTF-8"?>
<record
    xmlns:xsi="http://www.w3.org/2001/XMLSchema-instance"
    xsi:schemaLocation="http://www.loc.gov/MARC21/slim http://www.loc.gov/standards/marcxml/schema/MARC21slim.xsd"
    xmlns="http://www.loc.gov/MARC21/slim">

  <leader>01805nmm a2200241 a 4500</leader>
  <controlfield tag="001">ASINB00AK98FT4</controlfield>
  <controlfield tag="003">OSt</controlfield>
  <controlfield tag="005">20170105102910.0</controlfield>
  <controlfield tag="008">131025s2006    xxu                 eng d</controlfield>
  <datafield tag="020" ind1=" " ind2=" ">
    <subfield code="a">8177587951</subfield>
  </datafield>
  <datafield tag="040" ind1=" " ind2=" ">
    <subfield code="a">a</subfield>
  </datafield>
  <datafield tag="082" ind1=" " ind2=" ">
    <subfield code="a">327.0973</subfield>
    <subfield code="b">OBS 2006</subfield>
  </datafield>
  <datafield tag="110" ind1="0" ind2=" ">
    <subfield code="a">Observer Research Foundation.</subfield>
  </datafield>
  <datafield tag="245" ind1="1" ind2="4">
    <subfield code="a">The second bush presidency</subfield>
    <subfield code="b">global perspectives /</subfield>
    <subfield code="c">Observer Research Foundation, Amit Gupta, Cherian Samuel.</subfield>
  </datafield>
  <datafield tag="260" ind1=" " ind2=" ">
    <subfield code="a">[S.l.] :</subfield>
    <subfield code="b">Pearson Education India,</subfield>
    <subfield code="c">2006.</subfield>
  </datafield>
  <datafield tag="300" ind1=" " ind2=" ">
    <subfield code="a">1 online resource (224 p.)</subfield>
  </datafield>
  <datafield tag="500" ind1=" " ind2=" ">
    <subfield code="a">Kindle eBook.</subfield>
  </datafield>
  <datafield tag="520" ind1=" " ind2=" ">
    <subfield code="a">The Second Bush Presidency: Global Perspectives contains nine national perspectives on what a second Bush term portends for the world. Taken on one yardstick, five of the countries chosen (including the US) are members of the Security Council; using another, four are members of the BRIC quartet, emerging economies whose potential is such that they are expected to dominate the world economy in the years to come. All these countries have a difficult job of fashioning their foreign policy responses to the US while keeping in view their own national objectives as well as a host of other factors. The contributors to this book analyse not only the tangible factors but also the various intangibles&#x2014;the personal equations the leaders of these countries have with their American counterpart as well as domestic equations within the United States to make up a whole that is at once interesting and enlightening. This book attempts to be a modest primer for policy makers in this direction: a must-read for policy makers in every part of the globe.</subfield>
  </datafield>
  <datafield tag="700" ind1="1" ind2=" ">
    <subfield code="a">Gupta, Amit.</subfield>
  </datafield>
  <datafield tag="700" ind1="1" ind2=" ">
    <subfield code="a">Samuel, Cherian.</subfield>
  </datafield>
  <datafield tag="856" ind1="4" ind2="0">
    <subfield code="3">Amazon.com</subfield>
    <subfield code="u">http://www.amazon.com/exec/obidos/ASIN/B00AK98FT4/chopaconline-20</subfield>
  </datafield>
  <datafield tag="942" ind1=" " ind2=" ">
    <subfield code="2">ddc</subfield>
    <subfield code="c">BK</subfield>
  </datafield>
  <datafield tag="999" ind1=" " ind2=" ">
    <subfield code="c">15056</subfield>
    <subfield code="d">15056</subfield>
  </datafield>
  <datafield tag="952" ind1=" " ind2=" ">
    <subfield code="0">0</subfield>
    <subfield code="1">0</subfield>
    <subfield code="4">0</subfield>
    <subfield code="7">0</subfield>
    <subfield code="8">NFIC</subfield>
    <subfield code="a">CIPS</subfield>
    <subfield code="b">CIPS</subfield>
    <subfield code="c">GEN</subfield>
    <subfield code="d">2013-10-01</subfield>
    <subfield code="l">0</subfield>
    <subfield code="o">327.0973 OBS 2006</subfield>
    <subfield code="p">CIPS0001618</subfield>
    <subfield code="r">2013-10-25</subfield>
    <subfield code="w">2013-10-25</subfield>
    <subfield code="y">BK</subfield>
  </datafield>
</record>
